LEGO Products - Statistics

General Stats
  • This quiz has been taken 877 times
    700 since last reset
  • The average score is 14 of 24
Answer Stats
Hint Answer % Correct
Captain Rex's AT-TE, Clone Turbo Tank, Vader's TIE Advanced VS. A-Wing Starfighter Star Wars
94%
Volcano Exploration Truck, Volcano Crawler, Volcano Supply Helicopter City
88%
Spider-Man: Ghost Rider Team-Up, Super Hero Airport Battle, The SHIELD Helicarrier MARVEL Super Heroes
88%
Titanium Ninja Tumbler, Rock Roader, Airjitzu Battle Grounds Ninjago
85%
Batman: Rescue from Ra's al Ghul, Kryptonite Interception, Jokerland DC Comics Super Heroes
84%
Sunshine Harvest, Mia's Lemonade Stand, Emma's Lifeguard Post Friends
84%
Around the World, DUPLO Number Train, My First Rocket Duplo
82%
Burj Khalifa, New York City, Berlin Architecture
67%
Indominus Rex Breakout, Raptor Escape, Pteranodon Capture Jurassic World
61%
The Mystery Machine, Haunted Lighthouse, Mystery Mansion Scooby Doo
61%
The Village, The Wither, The Jungle Tree House Minecraft
60%
Flinx's Ultimate Phoenix, Icebite's Claw Driller, Tiger's Mobile Command Chima
59%
Piggy Car Escape, Piggy Plane Attack, Bird Island Egg Heist The Angry Birds Movie
58%
Lakeside Lodge, Brick Bank, Propeller Plane Creator
57%
The Lonely Mountain, The Battle of the Five Armies, Attack on Lake-town The Hobbit
56%
Treasure's Day at the Pool, Palace Pets Royal Castle, Pumpkin's Royal Carriage Disney Princesses
54%
Midway Arcade Level Pack, Ghostbusters Level Pack, Doctor Who Level Pack LEGO Dimensions
48%
Audi R8 LMS Ultra, Chevrolet Corvette Z06, LaFerrari Speed Champions
39%
Kopaka and Melum - Unity Set, Umarak the Hunter, Onua Uniter of Earth Bionicle
35%
Beast Master's Chaos Chariot, Knighton Battle Blaster, Chaos Catapult Nexo Knights
35%
Emily Jones & The Baby Wind Dragon, Fire Dragon's Lava Cave, The Water Dragon Adventure Elves
32%
Forest Ambush, Gold Getaway, The Gatehouse Raid Castle
31%
MCFD, Pyrratz, Medix Mixels
14%
Lost Temple, Cinderella's Carriage, Emma's Ice Cream Truck Juniors
11%
No matching quizzes found
Score Distribution
Percent of People with Each Score
Percentile by Number Answered
Your Score History
You have not taken this quiz since the last reset